F1 Teams mit Hilfe Lego F1 Fahrer - Statistiken

Allgemein
  • Dieses Quiz wurde 48 mal gespielt
  • Das Durchschnittsergebnis liegt bei 7 aus 10
Antwortstatistiken
Bildquiz Antwort % Korrekt
Red Bull
95%
Ferrari
92%
Aston Martin
77%
Mclaren
77%
Mercedes
69%
Haas
64%
Williams
64%
Alpine
62%
Racing Bulls
51%
Kick Sauber
41%
Keine übereinstimmenden Quizze gefunden
Verteilung der Resultate
Anzahl Personen mit jedem Resultat
Perzentil nach korrekt beantworteten Fragen
Ihre Resultats-Entwicklung
Sie haben dieses Quiz noch nicht gespielt